| Поле | Инд. | ПП | Название | Значение |
|---|---|---|---|---|
| Тип записи | a | |||
| Библиографический уровень | b | |||
| 001 | Контрольный номер | RU/IS/BASE/148579165 | ||
| 005 | Дата корректировки | 20200522190706.6 | ||
| 084 | a | Индекс другой классификации/Индекс ББК | 60.51(0)6; 60.561.9 | |
| 100 | 1_ | a | Автор | Сорокина Н. Д. |
| 245 | a | Заглавие | Проблема взаимосвязи образования и социальной дифференциации в зарубежной социологии | |
| 504 | a | Библиография | Библиогр. ссылки | |
| 650 | a | Основная рубрика | история социологии | |
| a | Основная рубрика | социология | ||
| a | Основная рубрика | социология образования | ||
| 653 | a | Ключевые слова | XX век | |
| a | Ключевые слова | конфликтологический подход | ||
| a | Ключевые слова | социальная дифференциация | ||
| a | Ключевые слова | социальная мобильность | ||
| a | Ключевые слова | социальные процессы | ||
| a | Ключевые слова | социальный статус | ||
| a | Ключевые слова | функционалистский подход | ||
| 773 | t | Заглавие источника | Вестник Московского университета. Серия 18, Социология и политология | |
| d | Дата издания источника | 2001 | ||
| g | Прочая информация | № 2. - С. 122 - 134 | ||
| w | Контрольный № источника | RU/IS/BASE/148578705 | ||
| 901 | t | Тип документа | b |